| 000 | 00434nam a2200181Ia 4500 | ||
|---|---|---|---|
| 008 | 180207s9999 xx 000 0 und d | ||
| 020 | _a435903705 | ||
| 050 | _bP213 2005 | ||
| 100 | _aPaparone, Pamela. | ||
| 245 | _aFive little ducks : | ||
| 245 | _b an old rhyme / | ||
| 245 | _cPamela Paparone. | ||
| 260 | _aLondon : | ||
| 260 | _bHeineman, | ||
| 260 | _c2005 | ||
| 300 | _a29 pages : | ||
| 300 | _bcolor illustrations ; | ||
| 999 |
_c355908 _d355908 |
||